| 000 | 00467pab a2200169 454500 | ||
|---|---|---|---|
| 008 | 180718b2011 xxu||||| |||| 00| 0 eng d | ||
| 100 | _aWei, C.X. George | ||
| 245 | _aMao's legacy revisited: Its lasting impact on China and Post-Mao era reform | ||
| 260 | _c2011 | ||
| 300 | _ap.3-27. | ||
| 362 | _aJan | ||
| 650 | _aChina - Politics and government | ||
| 650 | _aPolitics and government | ||
| 773 | _aAsian Politics and Policy | ||
| 908 | _aN | ||
| 909 | _a92018 | ||
| 999 |
_c92018 _d92018 |
||